000 00657cab a2200193 4500
001 WB2723-03
008 090401t1991 xxu||||| |||| 00| 0 eng d
035 _a(Sirsi) u8222
041 _aeng
245 _aFight against switch-on costs
260 _c1991
350 _a0
490 _aConstruction News
_vno 6218 13/6/91 p40
520 _aHousebuilder David McLean is taking a test case to the electricity industry watchdog Offer to investigate the huge rise in connection charges being charged by the recently privatised electricity companies.
650 _aPUBLIC UTILITIES
690 _aBlock management
_96220
942 _n0
948 _c04/03/1997
999 _c5028
_d5028